000 00505nam a2200193Ia 4500
003 GCL
008 140319s9999 xx 000 0 eng d
040 _aGCL /
_cGCL
082 0 4 _aCC
_b962.053
_bJ S
100 1 _aJOHNSON, PAUL
245 1 0 _aTHE SUEZ WAR /
_cJOHNSON, PAUL
700 1 _aBEVAN, ANEURIN
260 _a[S.N] :
_bMACGIBBON AND KEE ،
_c1957
300 _a145 P
650 0 4 _aEGYPT - HISTORY - INTERVENTION 56
650 0 4 _aSUEZ WAR 1956
650 0 4 _aEGYPT - HISTORY
942 _2ddc
_cBK
999 _c14963
_d14963